000 01502 a2200205 4500
020 _a0763729477
040 _aDLC
_bDLC
082 _a515
100 1 _aCohen, David W.
245 1 0 _aCalculus : the language of change
_bthe language of change
_cDavid W. Cohen and James M. Henle.
260 _aSudbury, Mass. :
_bJones and Bartlett Publishers,
_cc2005.
300 _axvii, 988 p. :
_bill. (some col.) ;
_c29 cm.
500 _aIncludes index.
520 1 _a"Calculus: the Language of Change is an innovative new introductory textbook that blends traditional and reform approaches with a focus on understanding calculus as its own language. With accessible writing and presentation, the book allows students to gradually understand the language - first by reviewing vocabulary, and then quickly moving to present calculus conceptually, computationally, and theoretically. Within this framework, derivatives and integrals are developed side by side, coverage of theory is offered at various levels, and computing devices are incorporated generically. The text features seamless integration between chapters and numerous cross-disciplinary examples and applications, which gives instructors flexibility for shaping their course. A full range of student and instructor resources make Calculus: The Language of Change an outstanding course package."--BK JACKET.
650 0 _aCalculus
650 0 _aFractional calculus.
650 0 _aFunctions.
700 1 _aHenle, James M.
942 _cBK
_k515 COH
_2ddc
999 _c7566
_d7566